Statystyki dla Stolice świata na literę N

Kliknij tutaj aby rozwiązać quiz!

Ogólne statystyki

  • Ten quiz został rozwiązany 5 907 razy
    (4 604 od ostatniego zresetowania)
  • Średni wynik to 4 z 10

Statystyki odpowiedzi

PaństwoStolica% Poprawnych
KeniaNairobi
69%
IndieNowe Delhi
55%
CyprNikozja
45%
BahamyNassau
43%
NigerNiamey
43%
CzadNdżamena
38%
MauretaniaNawakszut
37%
MjanmaNaypyidaw
37%
TongaNuku'alofa
29%
PalauNgerulmud
28%

Rozkład punktacji

Percentyl według liczby udzielonych odpowiedzi

Procent ludzi z każdym wynikiem

Twoja historia wyników

Nie rozwiązałeś tego quizu od ostatniego zresetowania